Zlatá sestava MS 2024 v hokeji - Statistics

General Stats
  • This quiz has been taken 208 times
  • The average score is 15 of 26
Answer Stats
Hint Answer % Correct
ÚT David Pastrňák
100%
BR Lukáš Dostál
92%
ÚT Roman Červenka
91%
ÚT Martin Nečas
84%
OB Radko Gudas
83%
BR Karel Vejmelka
69%
ÚT Lukáš Sedlák
68%
BR Petr Mrázek
65%
ÚT Jakub Flek
62%
ÚT Pavel Zacha
61%
OB Tomáš Kundrátek
59%
ÚT David Kämpf
56%
ÚT Ondřej Kaše
56%
OB Michal Kempný
55%
ÚT Dominik Kubalík
52%
OB David Špaček
49%
ÚT Ondřej Palát
49%
ÚT Daniel Voženílek
48%
OB Jakub Krejčík
45%
ÚT Jáchym Kondelík
41%
OB Libor Hájek
41%
ÚT Matěj Stránský
39%
OB Jan Rutta
36%
ÚT David Tomášek
35%
ÚT Ondřej Beránek
33%
OB Jan Ščotka
31%
No matching quizzes found
Score Distribution
Percent of People with Each Score
Percentile by Number Answered
Your Score History
You have not taken this quiz